| 000 | 01025nkm a22002537a 4500 | ||
|---|---|---|---|
| 008 | 110920s2005 nyu|||||r|||| 001 0 eng d | ||
| 020 | _a0071447369 | ||
| 020 | _a9780071447362 | ||
| 082 |
_222 _a612.015 _bBAR |
||
| 100 |
_927325 _aBaron, Suzanne J. |
||
| 245 |
_aLange Flash Cards. _bBiochemistry & Genetics / _cSuzanne J. Baron & Christoph I. Lee _h[flash card] : |
||
| 246 | _aMicrobiology & Infectious Diseases | ||
| 250 | _a2nd ed. | ||
| 260 |
_aNew York : _bLange Medical Books/McGraw-Hill , 2005 _c2005 |
||
| 300 |
_a150 flash cards : _bdouble sided, col. ; _c11 x 16 cm. |
||
| 500 | _aIncludes index | ||
| 504 | _aIncludes bibliographical references(p.147-148) and index | ||
| 650 |
_918368 _aBiochemistry |
||
| 650 |
_923979 _aGenetics. |
||
| 653 |
_bNUR _cSeptember2011 |
||
| 700 |
_910723 _aLee, Christopher. |
||
| 942 |
_2ddc _cFC |
||
| 999 |
_c16068 _d16068 |
||